000 00494nam a2200181Ia 4500
005 20250508152153.0
008 008 250505s9999 xx 000 0 hin d
037 _aTextual
040 _aFEDL
_beng
_cFEDL
041 _ahin
_2hin
084 _aFH, VAR
_qFEDL
100 _aVarma Vrendavan Lal
_9757475
245 0 _aKalakar ka dand: Kahani sangreh
260 _aJhansi, India
_bMayur Prakashan
_c1955
300 _a112p
942 _cTEXL
_hFH, VAR
999 _c1334724
_d1334724